History of Europe: (Record no. 181792)

MARC details
000 -LEADER
fixed length control field 00567nam a22001697a 4500
005 - DATE AND TIME OF LATEST TRANSACTION
control field 20211006112602.0
010 ## - LCCN (DPL NO)
LC control number EN230921
020 ## - INTERNATIONAL STANDARD BOOK NUMBER
International Standard Book Number 9789353883317
Terms of availability 675.00
037 ## - SOURCE OF ACQUISITION
Source of stock number/acquisition Sage Publications
100 ## - MAIN ENTRY--PERSONAL NAME
Personal name Majumdar, Rohit
245 ## - TITLE STATEMENT
Title History of Europe:
Remainder of title from renaissance to the end of the cold war /
Statement of responsibility, etc by Rohit Majumdar
260 ## - PUBLICATION, DISTRIBUTION, ETC. (IMPRINT)
Place of publication, distribution, etc New Delhi
Name of publisher, distributor, etc Sage Publications
Date of publication, distribution, etc 2020
270 ## - ADDRESS
Address B1/I-1, Mohan Cooperative Industrial Area, Mathura Road
City New Delhi
Postal code 110044
300 ## - PHYSICAL DESCRIPTION
Extent xxiv, 533p.
Dimensions 24cm(pbk)
700 ## - ADDED ENTRY--PERSONAL NAME
Personal name Pandey, Rajendra Kumar
942 ## - ADDED ENTRY ELEMENTS (KOHA)
Source of classification or shelving scheme Dewey Decimal Classification
Item type English Books
Call number suffix MAJ

No items available.


© Delhi Public Library
Hit Counter
free hit counter